000 00676nam a2200181Ia 4500
008 151202s9999||||xx |||||||||||||| ||und||
082 _bPNVM-37037
100 _aकोपर्डेकर शरदचंद्र.
245 _aसंत गाडगेमहाराज.
260 _b"इंद्रायणी साहित्य,पुणे."
260 _c1987
300 _a181
600 _aकोपर्डेकर शरदचंद्र.
630 _aसंत गाडगेमहाराज.
700 _aकोपर्डेकर शरदचंद्र.
730 _aसंत गाडगेमहाराज.
942 _cBOOK
999 _c1302989
_d1302986